Terahertz Techniques

Research and development in the terahertz portion of the electromagnetic spectrum has expanded very rapidly during the past fifteen years due to major advances in sources, detectors and instrumentation. Many scientists and engineers are entering the field and this volume offers a comprehensive and i...

Full description

Bibliographic Details
Main Authors: Bründermann, Erik (Author), Hübers, Heinz-Wilhelm (Author), Kimmitt, Maurice FitzGerald (Author)
Corporate Author: SpringerLink (Online service)
Format: Electronic eBook
Language:English
Published: Berlin, Heidelberg : Springer Berlin Heidelberg : Imprint: Springer, 2012.
Series:Springer Series in Optical Sciences, 151
Subjects:
Online Access:Full Text via HEAL-Link
LEADER 02660nam a22005535i 4500
001 978-3-642-02592-1
003 DE-He213
005 20151106191625.0
007 cr nn 008mamaa
008 120417s2012 gw | s |||| 0|eng d
020 |a 9783642025921  |9 978-3-642-02592-1 
024 7 |a 10.1007/978-3-642-02592-1  |2 doi 
040 |d GrThAP 
050 4 |a QC350-467 
050 4 |a TA1501-1820 
050 4 |a QC392-449.5 
050 4 |a TA1750-1750.22 
072 7 |a TTB  |2 bicssc 
072 7 |a PHJ  |2 bicssc 
072 7 |a TEC030000  |2 bisacsh 
082 0 4 |a 621.36  |2 23 
100 1 |a Bründermann, Erik.  |e author. 
245 1 0 |a Terahertz Techniques  |h [electronic resource] /  |c by Erik Bründermann, Heinz-Wilhelm Hübers, Maurice FitzGerald Kimmitt. 
264 1 |a Berlin, Heidelberg :  |b Springer Berlin Heidelberg :  |b Imprint: Springer,  |c 2012. 
300 |a XXII, 386 p.  |b online resource. 
336 |a text  |b txt  |2 rdacontent 
337 |a computer  |b c  |2 rdamedia 
338 |a online resource  |b cr  |2 rdacarrier 
347 |a text file  |b PDF  |2 rda 
490 1 |a Springer Series in Optical Sciences,  |x 0342-4111 ;  |v 151 
505 0 |a Introduction -- Optical Principles at THz Frequencies -- Optical Components -- Sources -- Detectors -- Spectroscopic Methods -- Imaging -- Examples of Experiments. 
520 |a Research and development in the terahertz portion of the electromagnetic spectrum has expanded very rapidly during the past fifteen years due to major advances in sources, detectors and instrumentation. Many scientists and engineers are entering the field and this volume offers a comprehensive and integrated treatment of all aspects of terahertz technology. The three authors, who have been active researchers in this region over a number of years, have designed Terahertz Techniques to be both a general introduction to the subject and a definitive reference resource for all those involved in this exciting research area. 
650 0 |a Physics. 
650 0 |a Optics. 
650 0 |a Optoelectronics. 
650 0 |a Plasmons (Physics). 
650 0 |a Engineering. 
650 1 4 |a Physics. 
650 2 4 |a Optics, Optoelectronics, Plasmonics and Optical Devices. 
650 2 4 |a Engineering, general. 
700 1 |a Hübers, Heinz-Wilhelm.  |e author. 
700 1 |a Kimmitt, Maurice FitzGerald.  |e author. 
710 2 |a SpringerLink (Online service) 
773 0 |t Springer eBooks 
776 0 8 |i Printed edition:  |z 9783642025914 
830 0 |a Springer Series in Optical Sciences,  |x 0342-4111 ;  |v 151 
856 4 0 |u http://dx.doi.org/10.1007/978-3-642-02592-1  |z Full Text via HEAL-Link 
912 |a ZDB-2-PHA 
950 |a Physics and Astronomy (Springer-11651)